000 00252nam a22000857a 4500
008 160719b xxu||||| |||| 00| 0 eng d
100 _93060
_a Dixon, F.W
245 _aThe Hardy 60 Boys: Mystery of the Samurai Sword
260 _aNew York
_bWanderer Books
_c1979
999 _c2623
_d2623